| 000 | 00501nam a2200181Ia 4500 | ||
|---|---|---|---|
| 003 | GCL | ||
| 008 | 140319s9999 xx 000 0 eng d | ||
| 040 |
_aGCL / _cGCL |
||
| 082 | 0 | 4 |
_a618.92 _bC F |
| 100 | 1 | _aCAMPBELL, A. G. M. | |
| 245 | 1 | 0 |
_aFORFAR AND ARNEIL'S TEXTBOOK OF PAEDIATRICS / _cCAMPBELL, A. G. M. |
| 260 |
_a[S.N] : _bELBS WITH CHURCHILL LIVINGSTONE ، _c1994 |
||
| 300 | _a2068 P | ||
| 650 | 0 | 4 | _aCHILDREN |
| 650 | 0 | 4 | _aPEDIATRICS |
| 650 | 0 | 4 | _aCHILDREN - DISEASES |
| 942 |
_2ddc _cBK |
||
| 999 |
_c19872 _d19872 |
||